|
|
|
|
| LEADER |
00000cam a22000004a 4500 |
| 001 |
musev2_44324 |
| 003 |
MdBmJHUP |
| 005 |
20230905044635.0 |
| 006 |
m o d |
| 007 |
cr||||||||nn|n |
| 008 |
100325s1964 nju o 00 0 eng d |
| 020 |
|
|
|a 9781400875931
|
| 020 |
|
|
|z 9780691651408
|
| 020 |
|
|
|z 9780691041742
|
| 020 |
|
|
|z 9780691041735
|
| 020 |
|
|
|z 9780691624884
|
| 035 |
|
|
|a (OCoLC)966847141
|
| 040 |
|
|
|a MdBmJHUP
|c MdBmJHUP
|
| 245 |
0 |
4 |
|a Role of Direct and Indirect Taxes in the Federal Reserve System :
|b A Conference Report of the NBER and the Brookings Institution
|
| 264 |
|
1 |
|a Princeton :
|b Princeton University Press,
|c 1964.
|
| 264 |
|
3 |
|a Baltimore, Md. :
|b Project MUSE,
|c 2017
|
| 264 |
|
4 |
|c ©1964.
|
| 300 |
|
|
|a 1 online resource (334 pages):
|b illustrations
|
| 336 |
|
|
|a text
|b txt
|2 rdacontent
|
| 337 |
|
|
|a computer
|b c
|2 rdamedia
|
| 338 |
|
|
|a online resource
|b cr
|2 rdacarrier
|
| 588 |
|
|
|a Description based on print version record.
|
| 650 |
|
7 |
|a Taxation.
|2 fast
|0 (OCoLC)fst01143876
|
| 650 |
|
7 |
|a Fiscal policy.
|2 fast
|0 (OCoLC)fst00925806
|
| 650 |
|
7 |
|a BUSINESS & ECONOMICS
|x Taxation
|x General.
|2 bisacsh
|
| 650 |
|
7 |
|a BUSINESS & ECONOMICS
|x Public Finance.
|2 bisacsh
|
| 650 |
|
6 |
|a Politique fiscale
|z États-Unis
|v Congres.
|
| 650 |
|
6 |
|a Impôt
|z États-Unis
|v Congres.
|
| 650 |
|
6 |
|a Politique fiscale
|z États-Unis.
|
| 650 |
|
6 |
|a Impôt
|z États-Unis.
|
| 650 |
|
0 |
|a Fiscal policy
|z United States.
|
| 650 |
|
0 |
|a Taxation
|z United States.
|
| 650 |
|
0 |
|a Fiscal policy
|z United States
|v Congresses.
|
| 650 |
|
0 |
|a Taxation
|z United States
|v Congresses.
|
| 651 |
|
7 |
|a United States.
|2 fast
|0 (OCoLC)fst01204155
|
| 655 |
|
7 |
|a Conference papers and proceedings.
|2 fast
|0 (OCoLC)fst01423772
|
| 655 |
|
7 |
|a Electronic books.
|2 local
|
| 710 |
2 |
|
|a Brookings Institution.
|
| 710 |
2 |
|
|a National Bureau of Economic Research.
|
| 710 |
2 |
|
|a Project Muse.
|e distributor
|
| 830 |
|
0 |
|a Book collections on Project MUSE.
|
| 856 |
4 |
0 |
|z Texto completo
|u https://projectmuse.uam.elogim.com/book/44324/
|
| 945 |
|
|
|a Project MUSE - Custom Collection
|
| 945 |
|
|
|a Project MUSE - Archive Complete Supplement V
|
| 945 |
|
|
|a Project MUSE - Archive Political Science and Policy Studies Supplement V
|